| 000 | 00444nam a22001937a 4500 | ||
|---|---|---|---|
| 003 | MPLRDC | ||
| 005 | 20220104143904.0 | ||
| 008 | 210129b ||||| |||| 00| 0 eng d | ||
| 020 | _a957-467-419-3 | ||
| 082 | _a857.7 MLS v.53 | ||
| 100 | _a邱秋 著 | ||
| 245 |
_a指腹为婚 _c |
||
| 250 | _a第一版 | ||
| 260 |
_a _b梦工厂 _c2001 |
||
| 300 | _b平 | ||
| 490 | _a麻辣SHOP系列; 53 | ||
| 650 | _a | ||
| 942 |
_cBK _o857.7 MLS v.53 |
||
| 999 |
_c44335 _d44325 |
||